| 000 | 00352nam a22000977a 4500 | ||
|---|---|---|---|
| 008 | 150624b xxu||||| |||| 00| 0 eng d | ||
| 010 | _8HCCRSARF:008 | ||
| 245 | _aHIGH COURT CRIMINAL SESSION NO.346 OF 1970 Uganda Vs 1. Mukandala 2. Misango s/o Mukandala 3. Mirani s/o Mukandala | ||
| 260 | _aHigh Court Kampala | ||
| 500 | _3BEFORE: Hon. Mr. Justice S. Musoke | ||
| 999 |
_c6693 _d6693 |
||